KOHA-Header-6

Signals And Systems (Record no. 212)

000 -LEADER
fixed length control field 00388nam a2200157Ia 4500
003 - CONTROL NUMBER IDENTIFIER
control field MAJU-Karachi
005 - DATE AND TIME OF LATEST TRANSACTION
control field 20250602121738.0
008 - FIXED-LENGTH DATA ELEMENTS--GENERAL INFORMATION
fixed length control field 190722s9999 xx 000 0 und d
020 ## - INTERNATIONAL STANDARD BOOK NUMBER
International Standard Book Number 978-81-224-3171-1
040 ## - CATALOGING SOURCE
Transcribing agency 0
100 ## - MAIN ENTRY--PERSONAL NAME
Personal name Alan V. Oppenheim
245 #0 - TITLE STATEMENT
Title Signals And Systems
260 ## - PUBLICATION, DISTRIBUTION, ETC. (IMPRINT)
Place of publication, distribution, etc New Delhi
Name of publisher, distributor, etc New Age International Pvt Ltd.
Date of publication, distribution, etc 2011
300 ## - PHYSICAL DESCRIPTION
Extent 656
942 ## - ADDED ENTRY ELEMENTS (KOHA)
Koha item type Books
Source of classification or shelving scheme
Holdings
Withdrawn status Lost status Damaged status Not for loan Collection code Permanent Location Current Location Shelving location Date acquired Full call number Barcode Date last seen Price effective from Koha item type
      Not For Loan Electrical Engineering Computing and Engineering Library Block-D Computing and Engineering Library Block-D Shelf No.A34 2019-07-22 621.38223 6838 2019-07-22 2019-07-22 Electrical Engineering

Powered by Koha